mysqli: Table './ulib62015/stat_globaluid' is marked as crashed and should be repaired
select id from stat_globaluid where statuid='20260517164632_4736'
mysqli: Table './ulib62015/stat_globaluid' is marked as crashed and should be repaired
DELETE FROM stat_globaluid
WHERE id NOT IN (
SELECT id
FROM (
SELECT id
FROM stat_globaluid
ORDER BY id DESC
LIMIT 100
) foo
);
mysqli: Table './ulib62015/stat_globaluid' is marked as crashed and should be repaired
insert into stat_globaluid set
statuid='20260517164632_4736',
dt='1779011192',
phpself='/ULIB62015/dublinfull.php',
agent='Mozilla/5.0 AppleWebKit/537.36 (KHTML, like Gecko; compatible; ClaudeBot/1.0; +claudebot@anthropic.com)',
yea='2026',
mon='5',
dat='17',
ip='216.73.216.45'
mysqli: Table './ulib62015/stathist_viewbib_bib_type' is marked as crashed and should be repaired
insert into stathist_viewbib_bib_type set
dat='17' ,
mon='05' ,
yea='2026' ,
statuid='20260517164632_4736' ,
head='13399122964' ,
foot='marc' ,
dt='1779011192'
| LEADER : 00000nam 2200000uu 4500 |
| 001 13399122964 |
| 003 ULIB |
| 008 220323s2021||||th 000 0 eng d |
| 060 04 ^aWN250^bW317w 2021
|
| 100 1 ^aWashington, Charles M.
|
| 245 10 ^aWashington & leaver's principles and practice of radiation therapy /^cCharles M. Washington, Dennis T. Leaver, Megan Trad.
|
| 250 ^aFifth edition
|
| 260 ^aSt. Louis, MO :^bElsevier,^cc2021
|
| 300 ^axv, 816 pages :^billustrations ;^c27 cm.
|
| 650 2 ^aRadiation therapy
|
| 650 2 ^aRadiation Oncology^xmethods
|
| 650 2 ^aNeoplasms^xradiotherapy
|
| 700 1 ^aLeaver, Dennis T.,^eauthor
|
| 700 1 ^aTrad, Megan,^eauthor
|
| 945 ^p7610^l0^i028786 |
| 999 ^a57066
|
| คุณยังไม่ได้ล็อกอิน คุณสามารถมีกิจกรรมร่วมกับเว็บไซต์ได้ แต่ต้องล็อกอินก่อน :: |
|
|
|
| ลำดับที่ |
ประเภท |
เลขเรียก/บาร์โค้ด |
สถานที่ |
สถานะ |
| 1. |
 หนังสือ | WN250 W317w 2021 Barcode: 028786 | หนังสือทั่วไป | บนชั้น ขอยืม |
| Note:งบประมาณปี 2564 |
รายการใกล้เคียง
ผู้แต่ง [Washington, Charles M.]
|
|
ยังไม่เคยถูกคอมเมนท์
|
| คอมเมนท์ทรัพยากรรายการนี้ |
|